000 00867nas a2200265 4500
001 BR0802272
003 BR-BrBNA
005 20231205111940.0
007 ta
008 230509b bl.|||p| |||| 00| 00por d
040 _aBR-BrBNA
_bpor
_cBiblioteca Nacional de Agricultura
041 _a(Pt)
072 _aL20; L50
100 1 _aSoglia, M.C. de M.
100 1 _aBueno, V.H.P.
100 1 _aSampaio, M.V.
245 1 _aDesenvolvimento e sobrevivência de Aphis gossypii Glover (Hemiptera: Aphididae)em diferentes temperaturas e cultivares comerciais de crisântemo
650 _aPULGÃO
650 _aECOLOGIA ANIMAL
650 _aBIOLOGIA ANIMAL
650 _aCRISÂNTEMO
773 0 _tNeotropical Entomology (Brazil)
_xISSN 1519-566X
_g(Apr-Jun 2002), v. 31(2) p. 211-216
_wBR0802272
909 _a202311
_bLúcia
_c55
_dLúcia Elande
942 _2AGRIS
_n0
_cANA
999 _c195287
_d195287